Lịch sử tư tưởng kinh tế; T1

保存先:
書誌詳細
第一著者: I D Dansov
フォーマット: 図書
言語:Undetermined
出版事項: Hà Nội KHXH 1973
主題:
タグ: タグ追加
タグなし, このレコードへの初めてのタグを付けませんか!
Thư viện lưu trữ: Trung tâm Học liệu Trường Đại học Cần Thơ
LEADER 00504nam a2200181Ia 4500
001 CTU_5567
008 210402s9999 xx 000 0 und d
082 |a 330.01 
082 |b U18/T1 
100 |a I D Dansov 
245 0 |a Lịch sử tư tưởng kinh tế; T1 
245 0 |c I D Dansov 
260 |a Hà Nội 
260 |b KHXH 
260 |c 1973 
650 |a economics - history 
904 |i Nguyễn Quang Điền, 960723 
980 |a Trung tâm Học liệu Trường Đại học Cần Thơ